<?xml version="1.0" encoding="UTF-8"?><marc:collection xmlns:marc="http://www.loc.gov/MARC21/slim">
  <marc:record>
    <marc:leader>00000nas##2200000za#4500</marc:leader>
    <marc:controlfield tag="001">9.514659</marc:controlfield>
    <marc:controlfield tag="003">CaOODSP</marc:controlfield>
    <marc:controlfield tag="005">20210929082751</marc:controlfield>
    <marc:controlfield tag="007">ta</marc:controlfield>
    <marc:controlfield tag="008">150406c1991||||xxc|| m #||||f|   |0eng|d</marc:controlfield>
    <marc:datafield tag="022" ind1=" " ind2=" ">
      <marc:subfield code="a">0831-8247</marc:subfield>
    </marc:datafield>
    <marc:datafield tag="040" ind1=" " ind2=" ">
      <marc:subfield code="a">CaOODSP</marc:subfield>
      <marc:subfield code="b">eng</marc:subfield>
    </marc:datafield>
    <marc:datafield tag="043" ind1=" " ind2=" ">
      <marc:subfield code="a">n-cn---</marc:subfield>
    </marc:datafield>
    <marc:datafield tag="086" ind1="1" ind2=" ">
      <marc:subfield code="a">Fo133-1E</marc:subfield>
    </marc:datafield>
    <marc:datafield tag="110" ind1="1" ind2=" ">
      <marc:subfield code="a">Canada. </marc:subfield>
      <marc:subfield code="b">Natural Resources Canada. </marc:subfield>
      <marc:subfield code="b">Canadian Forest Service.</marc:subfield>
    </marc:datafield>
    <marc:datafield tag="245" ind1="1" ind2="0">
      <marc:subfield code="a">Information report. [NOR-X series] / </marc:subfield>
      <marc:subfield code="c">Issued by Northern Forestry Centre. </marc:subfield>
    </marc:datafield>
    <marc:datafield tag="260" ind1=" " ind2=" ">
      <marc:subfield code="a">Edmonton - Alberta : </marc:subfield>
      <marc:subfield code="b">Natural Resources Canada. </marc:subfield>
      <marc:subfield code="c">1985--.</marc:subfield>
    </marc:datafield>
    <marc:datafield tag="500" ind1=" " ind2=" ">
      <marc:subfield code="a">Issued by Forest Research Laboratory (0704-7681), [?]-[1971], by Northern Forest Research Centre (0704-7673), [1971]-1985.</marc:subfield>
    </marc:datafield>
    <marc:datafield tag="520" ind1="3" ind2=" ">
      <marc:subfield code="a">This series of technical reports communicates the results of research conducted by the Canadian Forest Service’s Northern Forestry Centre. The main objective of the research is to support improved forest management for the economic, social, and environmental benefit of all Canadians. The Centre is responsible for fulfilling the federal role in forestry research and technology transfer in Alberta, Saskatchewan, Manitoba, Nunavut, and the Northwest Territories.</marc:subfield>
    </marc:datafield>
    <marc:datafield tag="546" ind1=" " ind2=" ">
      <marc:subfield code="a">(Résumés en français.)</marc:subfield>
    </marc:datafield>
    <marc:datafield tag="563" ind1=" " ind2=" ">
      <marc:subfield code="a">Softcover</marc:subfield>
    </marc:datafield>
    <marc:datafield tag="775" ind1="0" ind2="8">
      <marc:subfield code="t">Rapport d'information  / </marc:subfield>
      <marc:subfield code="w">(CaOODSP)9.513032</marc:subfield>
    </marc:datafield>
    <marc:datafield tag="776" ind1="0" ind2="#">
      <marc:subfield code="t">Information report </marc:subfield>
      <marc:subfield code="w">(CaOODSP)9.504852</marc:subfield>
    </marc:datafield>
  </marc:record>
</marc:collection>
